[Event "Schenectady op"]
[Site "Schenectady"]
[Date "2016.07.16"]
[Round "3"]
[White "Sharp, Dale Eugene"]
[Black "Privman, Boris"]
[Result "0-1"]
[WhiteElo "2134"]
[BlackElo "2331"]
[PlyCount "88"]
[EventDate "2016.07.16"]
[EventType "swiss"]
[EventRounds "5"]
[EventCountry "USA"]
[SourceTitle "EXT 2018"]
[Source "ChessBase"]
[SourceDate "2017.10.13"]
[SourceVersion "1"]
[SourceVersionDate "2017.10.13"]
[SourceQuality "1"]

1. e4 d6 2. d4 Nf6 3. Nc3 e5 4. Nf3 Nbd7 5. Bc4 Be7 6. 0-0 0-0 7. a4 c6 8. dxe5 dxe5 9. Qe2 b6 10. Bg5 h6 11. Bh4 Qc7 12. Rfd1 a5 13. Rd2 Bc5 14. Rad1 Nh5 15. Bg3 Nxg3 16. hxg3 Nf6 17. Rf1 g6 18. Nd1 Ng4 19. Nh4 Kg7 20. Kh1 h5 21. f3 Nh6 22. Ne3 Qe7 23. Rfd1 Qg5 24. Nf1 Ra7 25. Rd3 Re8 26. Qe1 Qf6 27. Ne3 Rae7 28. Rd8 Bxe3 29. Qxe3 g5 30. Nf5+ Bxf5 31. exf5 Nxf5 32. Qxb6 Nxg3+ 33. Kg1 Rxd8 34. Qxd8 g4 35. fxg4 hxg4 36. Qc8 Qh4 37. Rd8 Qh1+ 38. Kf2 Ne4+ 39. Ke3 Nf6 40. Qxc6 Qc1+ 41. Ke2 Qxc2+ 42. Rd2 Qf5 43. Bd3 e4 44. Bb5 e3 0-1

[Event "Foxwoods op"]
[Site "Ledyard"]
[Date "2009.04.09"]
[Round "2"]
[White "Privman, Boris"]
[Black "Mason, Mike W"]
[Result "1/2-1/2"]
[WhiteElo "2172"]
[BlackElo "2032"]
[PlyCount "33"]
[EventDate "2009.04.08"]
[EventType "swiss"]
[EventRounds "9"]
[EventCountry "USA"]
[SourceTitle "CBM 129 Extra"]
[Source "ChessBase"]
[SourceDate "2009.05.05"]
[SourceVersion "2"]
[SourceVersionDate "2009.05.20"]
[SourceQuality "1"]

1. d4 Nf6 2. c4 c5 3. Nf3 cxd4 4. Nxd4 e5 5. Nb5 d5 6. cxd5 Bc5 7. e3 0-0 8. N5c3 e4 9. Be2 Nbd7 10. Nd2 Re8 11. Nb3 Bd6 12. Nd4 Nb6 13. Qb3 Nfxd5 14. Nxd5 Nxd5 15. Bd2 Nb6 16. 0-0-0 Qe7 17. Kb1 1/2-1/2

[Event "Washington Eastern op 35rd"]
[Site "Washington DC"]
[Date "2008.12.30"]
[Round "7"]
[White "Privman, Boris"]
[Black "Dai, Yang"]
[Result "1-0"]
[WhiteElo "2185"]
[BlackElo "1990"]
[PlyCount "39"]
[EventDate "2008.12.27"]
[EventType "swiss"]
[EventRounds "7"]
[EventCountry "USA"]
[SourceTitle "CBM 128 Extra"]
[Source "ChessBase"]
[SourceDate "2009.03.05"]
[SourceVersion "2"]
[SourceVersionDate "2009.03.25"]
[SourceQuality "1"]

1. d4 Nf6 2. c4 e5 3. dxe5 Ng4 4. e3 Nxe5 5. Nc3 Nbc6 6. f4 Ng6 7. Bd3 Bb4 8. Bd2 0-0 9. Nd5 a5 10. a3 Bxd2+ 11. Qxd2 Re8 12. Nf3 a4 13. 0-0 Na5 14. Rae1 Nb3 15. Qd1 d6 16. Ng5 Nf8 17. Qh5 g6 18. Qh6 Be6 19. f5 Bxd5 20. f6 1-0

[Event "World op 36th"]
[Site "Philadelphia"]
[Date "2008.07.02"]
[Round "1"]
[White "Hess, Robert L"]
[Black "Privman, Boris"]
[Result "1-0"]
[WhiteElo "2484"]
[BlackElo "2215"]
[PlyCount "85"]
[EventDate "2008.07.02"]
[EventType "swiss"]
[EventRounds "9"]
[EventCountry "USA"]
[SourceTitle "CBM 125 Extra"]
[Source "ChessBase"]
[SourceDate "2008.09.01"]
[SourceVersion "1"]
[SourceVersionDate "2008.09.01"]
[SourceQuality "1"]

1. e4 e6 2. d4 d5 3. Nc3 Nf6 4. Bg5 Bb4 5. e5 h6 6. Bd2 Bxc3 7. bxc3 Ne4 8. Qg4 Kf8 9. Bd3 Nxd2 10. Kxd2 c5 11. h4 Nc6 12. Qf4 c4 13. Bg6 Qe7 14. Rh3 Ke8 15. Bh5 Nd8 16. Rg3 Rg8 17. a4 Kd7 18. Bf3 b6 19. Rg4 Bb7 20. Ne2 Bc6 21. Ng3 g5 22. Qe3 f5 23. exf6 Qxf6 24. Nh5 Qg6 25. Rg3 Nf7 26. a5 b5 27. Re1 Rae8 28. Kc1 Kc7 29. Bg4 gxh4 30. Rf3 Re7 31. Nf6 Rd8 32. Qf4+ Kb7 33. Bxe6 Rc7 34. Kb2 Qxg2 35. a6+ Kb6 36. Bxf7 Rxf7 37. Nxd5+ Bxd5 38. Qxh6+ Kc7 39. Rxf7+ Bxf7 40. Qf4+ Kb6 41. Qf6+ Kc7 42. Qxf7+ Rd7 43. Qf4+ 1-0

[Event "New York Marshall CC-ch 90th"]
[Site "New York"]
[Date "2006.12.10"]
[Round "8"]
[White "Privman, Boris"]
[Black "Izoria, Zviad"]
[Result "0-1"]
[WhiteElo "2266"]
[BlackElo "2657"]
[PlyCount "70"]
[EventDate "2006.12.01"]
[EventType "swiss"]
[EventRounds "9"]
[EventCountry "USA"]
[SourceTitle "CBM 115 Extra"]
[Source "ChessBase"]
[SourceDate "2007.01.10"]
[SourceVersion "1"]
[SourceVersionDate "2007.01.10"]
[SourceQuality "1"]

1. d4 Nf6 2. c4 c5 3. Nf3 cxd4 4. Nxd4 e5 5. Nc2 Bc5 6. Nc3 0-0 7. g3 Qb6 8. e3 Qc6 9. Nd5 Nxd5 10. Qxd5 Qxd5 11. cxd5 d6 12. Bd3 f5 13. f3 Nd7 14. b4 Bb6 15. e4 fxe4 16. fxe4 a5 17. a3 axb4 18. axb4 Rxa1 19. Nxa1 Nf6 20. h3 Nh5 21. g4 Ng3 22. Rh2 Rf3 23. Be2 Rc3 24. Bd2 Ra3 25. Nc2 Rb3 26. Bd1 Nxe4 27. Nd4 Rb1 28. Nb5 Bd7 29. Nc3 Rxb4 30. Nxe4 Rxe4+ 31. Re2 Rd4 32. Bc3 Rd3 33. Bb4 Rxh3 34. Bxd6 Rh1+ 35. Kd2 Ba5+ 0-1

[Event "New York Marshall CC-ch 90th"]
[Site "New York"]
[Date "2006.12.03"]
[Round "4"]
[White "Zenyuk, Iryna"]
[Black "Privman, Boris"]
[Result "0-1"]
[WhiteElo "2192"]
[BlackElo "2266"]
[PlyCount "76"]
[EventDate "2006.12.01"]
[EventType "swiss"]
[EventRounds "9"]
[EventCountry "USA"]
[SourceTitle "CBM 115 Extra"]
[Source "ChessBase"]
[SourceDate "2007.01.10"]
[SourceVersion "1"]
[SourceVersionDate "2007.01.10"]
[SourceQuality "1"]

1. d4 e6 2. c4 d5 3. Nf3 c6 4. Qc2 f5 5. g3 Nf6 6. Bg2 Bd6 7. 0-0 0-0 8. b3 Qe7 9. Bb2 b6 10. Nbd2 Bb7 11. Ne5 Nbd7 12. Ndf3 c5 13. e3 Rac8 14. Qe2 Ba6 15. Rfc1 Rfd8 16. Ne1 dxc4 17. bxc4 Nb8 18. N1d3 Bb7 19. f3 Nfd7 20. Rd1 cxd4 21. exd4 Bxe5 22. Nxe5 Nxe5 23. Qxe5 Rxc4 24. d5 Bxd5 25. Rxd5 Rxd5 26. Qxb8+ Rd8 27. Qe5 Qc5+ 28. Qxc5 Rxc5 29. Ba3 Rc3 30. Bb4 Rc2 31. a4 Rdc8 32. Bf1 Rc1 33. Rxc1 Rxc1 34. Kf2 Ra1 35. Bb5 a6 36. Bc6 Kf7 37. f4 Rc1 38. Bf3 Rc4 0-1

[Event "New York Marshall CC-ch 90th"]
[Site "New York"]
[Date "2006.12.02"]
[Round "3"]
[White "Privman, Boris"]
[Black "Krush, Irina"]
[Result "0-1"]
[WhiteElo "2266"]
[BlackElo "2443"]
[PlyCount "50"]
[EventDate "2006.12.01"]
[EventType "swiss"]
[EventRounds "9"]
[EventCountry "USA"]
[SourceTitle "CBM 115 Extra"]
[Source "ChessBase"]
[SourceDate "2007.01.10"]
[SourceVersion "1"]
[SourceVersionDate "2007.01.10"]
[SourceQuality "1"]

1. d4 d5 2. Bg5 f6 3. Bf4 Nc6 4. e3 e5 5. Bg3 Nh6 6. Nc3 Bb4 7. dxe5 fxe5 8. Qh5+ Nf7 9. 0-0-0 Bxc3 10. bxc3 Qd6 11. Kb2 Be6 12. Nf3 0-0-0 13. Nd4 Kb8 14. Nxe6 Qxe6 15. Be2 Nd6 16. Qg4 Qxg4 17. Bxg4 h5 18. Bf3 h4 19. Bxd5 hxg3 20. hxg3 Na5 21. Rh4 c6 22. Rxh8 Rxh8 23. Be6 Kc7 24. a4 Re8 25. Bg4 Rf8 0-1

[Event "USA tt"]
[Site "ICC INT"]
[Date "2006.08.30"]
[Round "1"]
[White "Baczynskyj, Boris"]
[Black "Privman, Boris"]
[Result "0-1"]
[WhiteElo "2234"]
[BlackElo "2295"]
[PlyCount "64"]
[EventDate "2006.08.30"]
[EventType "team"]
[EventRounds "10"]
[EventCountry "USA"]
[SourceTitle "CBM 114 Extra"]
[Source "ChessBase"]
[SourceDate "2006.11.03"]
[SourceVersion "1"]
[SourceVersionDate "2006.11.03"]
[SourceQuality "1"]
[WhiteTeam "Philadelphia Masterminds"]
[BlackTeam "New York Knights"]
[WhiteTeamCountry "USA"]
[BlackTeamCountry "USA"]

1. e4 e6 2. d4 d5 3. Nc3 Nf6 4. Bg5 Bb4 5. exd5 exd5 6. Bd3 Nc6 7. Nge2 0-0 8. 0-0 Be7 9. a3 Be6 10. f3 Qd7 11. Qd2 Bf5 12. Bxf5 Qxf5 13. Ng3 Qd7 14. Rae1 Rfe8 15. Kh1 h6 16. Bxh6 Nh7 17. Nh5 Bf8 18. Bf4 g6 19. Ng3 Bg7 20. Nce2 Nf8 21. Bh6 Ne6 22. c3 Na5 23. Bxg7 Kxg7 24. Nf4 Nc4 25. Nxe6+ Rxe6 26. Qg5 Kh7 27. Rxe6 Qxe6 28. f4 f5 29. Rf3 Nd2 30. Qh4+ Kg8 31. Nh5 Nxf3 32. Nf6+ Kg7 0-1

[Event "World op 34th"]
[Site "Philadelphia"]
[Date "2006.07.01"]
[Round "4"]
[White "Friedel, Joshua E"]
[Black "Privman, Boris"]
[Result "1-0"]
[WhiteElo "2465"]
[BlackElo "2310"]
[PlyCount "75"]
[EventDate "2006.06.28"]
[EventType "swiss"]
[EventRounds "9"]
[EventCountry "USA"]
[SourceTitle "CBM 112 Extra"]
[Source "ChessBase"]
[SourceDate "2006.07.14"]
[SourceVersion "1"]
[SourceVersionDate "2006.07.14"]
[SourceQuality "1"]

1. e4 d6 2. d4 e5 3. Nf3 Nd7 4. Bc4 c6 5. 0-0 Be7 6. dxe5 dxe5 7. Ng5 Bxg5 8. Qh5 Qe7 9. Bxg5 Ngf6 10. Qh4 Nf8 11. Nc3 Be6 12. Bb3 Ng6 13. Qg3 Nh5 14. Bxe7 Nxg3 15. hxg3 Kxe7 16. f4 Bxb3 17. axb3 Rhd8 18. Na4 Rd2 19. Nb6 Rb8 20. Rxa7 Rxc2 21. Nc4 f6 22. f5 Nf8 23. Rd1 Kf7 24. Nd6+ Kg8 25. Nxb7 Rxb2 26. Nc5 Kh8 27. Rd6 h5 28. Kh2 Kh7 29. g4 Kh6 30. g5+ Kxg5 31. Rxg7+ Kh6 32. Rg3 h4 33. Rxf6+ Kh5 34. Rg7 Rd8 35. Ne6 Nxe6 36. fxe6 Rxb3 37. e7 Re8 38. Rf8 1-0

[Event "US Masters op"]
[Site "Hendersonville"]
[Date "2006.03.19"]
[Round "8"]
[White "Privman, Boris"]
[Black "Magar, Thomas P"]
[Result "1-0"]
[WhiteElo "2263"]
[BlackElo "2077"]
[PlyCount "34"]
[EventDate "2006.03.11"]
[EventType "swiss"]
[EventRounds "9"]
[EventCountry "USA"]
[SourceTitle "EXT 2007"]
[Source "ChessBase"]
[SourceDate "2006.11.23"]
[SourceVersion "1"]
[SourceVersionDate "2006.11.23"]
[SourceQuality "1"]

1. d4 Nf6 2. c4 g6 3. f3 Bg7 4. e4 d6 5. Nc3 0-0 6. Be3 c5 7. dxc5 dxc5 8. Bxc5 Nc6 9. Nge2 Nd7 10. Be3 Nde5 11. Nf4 b6 12. Rc1 Bb7 13. Be2 Rc8 14. 0-0 Qc7 15. Nfd5 Qb8 16. f4 e6 17. fxe5 exd5 1-0

[Event "US Masters op"]
[Site "Hendersonville"]
[Date "2006.03.12"]
[Round "3"]
[White "Potter, John Russell"]
[Black "Privman, Boris"]
[Result "1/2-1/2"]
[WhiteElo "2214"]
[BlackElo "2263"]
[PlyCount "37"]
[EventDate "2006.03.11"]
[EventType "swiss"]
[EventRounds "9"]
[EventCountry "USA"]
[SourceTitle "EXT 2007"]
[Source "ChessBase"]
[SourceDate "2006.11.23"]
[SourceVersion "1"]
[SourceVersionDate "2006.11.23"]
[SourceQuality "1"]

1. d4 e6 2. c4 d5 3. Nc3 f5 4. e3 Nf6 5. Bd3 c6 6. Nge2 Bd6 7. Qc2 0-0 8. f3 Nbd7 9. Bd2 a6 10. e4 fxe4 11. fxe4 dxe4 12. Nxe4 Nxe4 13. Bxe4 Nf6 14. Bg5 Qa5+ 15. Bd2 Bb4 16. Bf3 e5 17. dxe5 Bxd2+ 18. Qxd2 Qxe5 19. Qd4 1/2-1/2

[Event "New York Marshall CC-ch 89th"]
[Site "New York"]
[Date "2005.12.11"]
[Round "4"]
[White "Privman, Boris"]
[Black "Benjamin, Joel"]
[Result "1/2-1/2"]
[WhiteElo "2238"]
[BlackElo "2576"]
[PlyCount "67"]
[EventDate "2005.12.09"]
[EventType "swiss"]
[EventRounds "9"]
[EventCountry "USA"]
[SourceTitle "CBM 109 Extra"]
[Source "ChessBase"]
[SourceDate "2006.01.03"]
[SourceVersion "2"]
[SourceVersionDate "2006.01.03"]
[SourceQuality "1"]

1. d4 Nf6 2. c4 e6 3. Nc3 Bb4 4. Qc2 0-0 5. a3 Bxc3+ 6. Qxc3 d6 7. g3 e5 8. dxe5 dxe5 9. Nf3 Re8 10. Bg2 Nc6 11. Bg5 Nd4 12. Rd1 c5 13. Rd2 h6 14. Bxf6 Qxf6 15. 0-0 Bg4 16. h3 Bh5 17. g4 Bg6 18. Ne1 h5 19. e3 Nc6 20. Rd7 hxg4 21. hxg4 Qe6 22. Rxb7 e4 23. Rb5 Qd6 24. f4 exf3 25. Nxf3 Be4 26. Qd2 Qg3 27. Rxc5 f6 28. g5 f5 29. Qf2 Qd6 30. b4 a5 31. Nd4 Nxd4 32. exd4 axb4 33. axb4 g6 34. Re5 1/2-1/2

[Event "World op 33rd"]
[Site "Philadelphia"]
[Date "2005.06.29"]
[Round "2"]
[White "Benjamin, Joel"]
[Black "Privman, Boris"]
[Result "1-0"]
[WhiteElo "2563"]
[BlackElo "2282"]
[PlyCount "73"]
[EventDate "2005.06.??"]
[EventType "swiss"]
[EventRounds "9"]
[EventCountry "USA"]
[SourceTitle "EXT 2006"]
[Source "ChessBase"]
[SourceDate "2005.11.24"]
[SourceVersion "1"]
[SourceVersionDate "2005.11.24"]
[SourceQuality "1"]

1. e4 d6 2. d4 e5 3. Ne2 Nf6 4. Nbc3 Be7 5. f3 0-0 6. Be3 exd4 7. Qxd4 c6 8. 0-0-0 Be6 9. Qd2 b5 10. Nf4 Nbd7 11. Nxe6 fxe6 12. Ne2 Ne5 13. Nf4 Qd7 14. Qc3 Ng6 15. Nxg6 hxg6 16. g4 Nh7 17. f4 g5 18. fxg5 Nxg5 19. Bg2 Nf3 20. g5 e5 21. h4 Qg4 22. Bh3 Qxe4 23. Bd7 c5 24. Bxb5 Nd4 25. Bxd4 cxd4 26. Qh3 Rac8 27. Qe6+ Kh8 28. Bd3 Qf4+ 29. Kb1 Qf7 30. Qg4 a5 31. Qe6 Qf3 32. Qd7 Qf7 33. Rhf1 Qe8 34. Qe6 Rxf1 35. Rxf1 Bf8 36. Qg4 g6 37. Bxg6 1-0

[Event "New York Marshall CC-ch 88th"]
[Site "New York"]
[Date "2004.12.11"]
[Round "1"]
[White "Ehlvest, Jaan"]
[Black "Privman, Boris"]
[Result "1-0"]
[WhiteElo "2631"]
[BlackElo "2302"]
[PlyCount "57"]
[EventDate "2004.12.11"]
[EventType "swiss"]
[EventRounds "9"]
[EventCountry "USA"]
[SourceTitle "CBM 103 Extra"]
[Source "ChessBase"]
[SourceDate "2005.01.01"]
[SourceVersion "1"]
[SourceVersionDate "2005.01.01"]
[SourceQuality "1"]

1. e4 d6 2. d4 e5 3. Nf3 Nd7 4. Bc4 c6 5. 0-0 Be7 6. dxe5 dxe5 7. Ng5 Bxg5 8. Qh5 Qe7 9. Qxg5 Qxg5 10. Bxg5 Ngf6 11. f3 Nc5 12. Rd1 Be6 13. Bf1 Nfd7 14. a4 f6 15. Be3 a5 16. b3 Ke7 17. Na3 b6 18. Bc4 Rab8 19. Rd2 Rhc8 20. Rad1 Rc7 21. h4 h5 22. Kf2 g6 23. g3 Nb7 24. Be2 Ndc5 25. Bc4 Bxc4 26. Nxc4 b5 27. Nxa5 bxa4 28. b4 Nd7 29. Rxd7+ 1-0

[Event "New York Masters 79th"]
[Site "New York"]
[Date "2003.10.28"]
[Round "1"]
[White "Privman, Boris"]
[Black "Nakamura, Hikaru"]
[Result "0-1"]
[WhiteElo "2222"]
[BlackElo "2568"]
[PlyCount "106"]
[EventDate "2003.10.28"]
[EventType "swiss (rapid)"]
[EventRounds "4"]
[EventCountry "USA"]
[SourceTitle "EXT 2004"]
[Source "ChessBase"]
[SourceDate "2003.11.25"]
[SourceVersion "1"]
[SourceVersionDate "2003.11.25"]
[SourceQuality "1"]

1. d4 Nf6 2. c4 g6 3. Nc3 Bg7 4. e4 0-0 5. f3 d6 6. Be3 c5 7. Nge2 Nc6 8. dxc5 dxc5 9. Qxd8 Rxd8 10. Bxc5 Nd7 11. Be3 Nde5 12. Nc1 Nb4 13. Kf2 Nc2 14. Rb1 Nxe3 15. Kxe3 Bh6+ 16. f4 Nc6 17. Be2 g5 18. g3 gxf4+ 19. gxf4 e5 20. Nd3 Be6 21. Nd5 exf4+ 22. N3xf4 Bxd5 23. cxd5 Ne5 24. Rhg1+ Ng6 25. Rbf1 Kf8 26. Rxg6 hxg6 27. Kd4 Bg7+ 28. e5 Re8 29. Ne6+ Kg8 30. Nxg7 Kxg7 31. d6 Rh8 32. Bc4 Rh4+ 33. Kd3 Rf8 34. Rf2 f5 35. e6 Rd8 36. d7 Kf6 37. Bd5 b6 38. Rc2 g5 39. a3 Ke7 40. b4 Rh3+ 41. Kd4 Rxa3 42. Ke5 f4 43. Rg2 Re3+ 44. Kd4 Kf6 45. h4 gxh4 46. Rg4 Rxe6 47. Rxf4+ Kg5 48. Bxe6 Kxf4 49. Kd5 a5 50. b5 a4 51. Kc6 a3 52. Kc7 Rxd7+ 53. Kxd7 h3 0-1

[Event "New York Masters 75th"]
[Site "New York"]
[Date "2003.09.30"]
[Round "4"]
[White "Wojtkiewicz, Aleksander"]
[Black "Privman, Boris"]
[Result "1-0"]
[WhiteElo "2543"]
[BlackElo "2222"]
[PlyCount "59"]
[EventDate "2003.09.30"]
[EventType "swiss (rapid)"]
[EventRounds "4"]
[EventCountry "USA"]
[SourceTitle "CBM 096 Extra"]
[Source "ChessBase"]
[SourceDate "2003.10.22"]
[SourceVersion "2"]
[SourceVersionDate "2003.10.20"]
[SourceQuality "1"]

1. Nf3 e6 2. g3 d5 3. Bg2 c6 4. 0-0 Nf6 5. c4 Bd6 6. d4 0-0 7. Nc3 b6 8. b3 Bb7 9. Bb2 Nbd7 10. Qc2 Rc8 11. e4 dxe4 12. Nxe4 Nxe4 13. Qxe4 Qc7 14. Rad1 Rce8 15. c5 Be7 16. b4 Nf6 17. Qc2 Nd5 18. a3 a5 19. Qd2 axb4 20. axb4 Bf6 21. Rfe1 Ra8 22. Ne5 Bxe5 23. dxe5 bxc5 24. bxc5 Ra2 25. Be4 Qa5 26. Qc1 Qb4 27. Bd4 Ba6 28. Bb1 Re2 29. Rxe2 Bxe2 30. Qc2 1-0

[Event "New York Masters 36th"]
[Site "New York"]
[Date "2002.12.03"]
[Round "4"]
[White "Lapshun, Yury"]
[Black "Privman, Boris"]
[Result "1-0"]
[WhiteElo "2393"]
[BlackElo "2258"]
[PlyCount "137"]
[EventDate "2002.12.03"]
[EventType "swiss (rapid)"]
[EventRounds "4"]
[EventCountry "USA"]
[SourceTitle "EXT 2004"]
[Source "ChessBase"]
[SourceDate "2003.11.25"]
[SourceVersion "1"]
[SourceVersionDate "2003.11.25"]
[SourceQuality "1"]

1. Nf3 e6 2. d4 f5 3. g3 Nf6 4. Bg2 d5 5. 0-0 Bd6 6. c4 c6 7. Bf4 0-0 8. Nbd2 Ne4 9. Qc2 Qe7 10. Bxd6 Qxd6 11. c5 Qe7 12. Ne5 Nxd2 13. Qxd2 Nd7 14. b4 Nxe5 15. dxe5 a5 16. a3 Qc7 17. Qd4 Bd7 18. Rfd1 Rfb8 19. f4 Be8 20. Bf3 b6 21. g4 bxc5 22. bxc5 Bg6 23. gxf5 Bxf5 24. e4 dxe4 25. Bxe4 Rd8 26. Qe3 Bxe4 27. Qxe4 Rd5 28. Rxd5 cxd5 29. Qd4 Rc8 30. Rc1 Qc6 31. Rc3 Rb8 32. Rf3 g6 33. h4 Rb5 34. Rc3 Rb1+ 35. Kg2 Rb2+ 36. Kg3 Qb5 37. Qd3 Qxd3+ 38. Rxd3 Rc2 39. Rb3 Rxc5 40. Rb6 Kf7 41. Rb7+ Kg8 42. Re7 Rc6 43. Kg4 h6 44. Ra7 Rc5 45. a4 Kf8 46. Rh7 Rc1 47. Ra7 Rc5 48. h5 gxh5+ 49. Kxh5 Rc4 50. f5 Re4 51. Kg6 exf5 52. Kf6 Kg8 53. Ra8+ Kh7 54. Kxf5 h5 55. Rxa5 h4 56. Ra7+ Kg8 57. Ra6 h3 58. Rh6 Rxa4 59. Rxh3 d4 60. Kf6 Ra1 61. e6 Rf1+ 62. Ke7 Ra1 63. Rg3+ Kh7 64. Kf7 Rf1+ 65. Ke8 Ra1 66. e7 Ra2 67. Kd7 Ra7+ 68. Ke6 Ra6+ 69. Kf7 1-0

[Event "World op 29th"]
[Site "Philadelphia"]
[Date "2001.07.05"]
[Round "2"]
[White "Privman, Boris"]
[Black "Hebert, Jean"]
[Result "0-1"]
[WhiteElo "2234"]
[BlackElo "2427"]
[PlyCount "50"]
[EventDate "2001.06.30"]
[EventType "swiss"]
[EventRounds "9"]
[EventCountry "USA"]
[SourceTitle "EXT 2002"]
[Source "ChessBase"]
[SourceDate "2001.11.25"]
[SourceVersion "1"]
[SourceVersionDate "2001.11.25"]
[SourceQuality "1"]

1. d4 Nf6 2. c4 e6 3. Nc3 Bb4 4. Qc2 0-0 5. a3 Bxc3+ 6. Qxc3 b6 7. Bg5 Bb7 8. f3 d5 9. e3 Nbd7 10. Bd3 h6 11. Bh4 c5 12. Ne2 cxd4 13. exd4 dxc4 14. Bxc4 Ne4 15. Bxd8 Nxc3 16. Be7 Rfc8 17. Bxe6 Nxe2 18. Bxd7 Rc2 19. Rd1 Nf4 20. 0-0 Rxg2+ 21. Kh1 Rxb2 22. Bf5 Re8 23. Bd6 g5 24. Bxf4 gxf4 25. Be4 Rxe4 0-1

[Event "Washington Eastern op"]
[Site "Washington DC"]
[Date "2000.12.27"]
[Round "2"]
[White "Privman, Boris"]
[Black "Kaufman, Larry C"]
[Result "1/2-1/2"]
[WhiteElo "2335"]
[BlackElo "2397"]
[PlyCount "27"]
[EventDate "2000.12.27"]
[EventType "swiss"]
[EventRounds "8"]
[EventCountry "USA"]
[SourceTitle "EXT 2002"]
[Source "ChessBase"]
[SourceDate "2001.11.25"]
[SourceVersion "1"]
[SourceVersionDate "2001.11.25"]
[SourceQuality "1"]

1. b3 d5 2. Bb2 Bg4 3. g3 Nd7 4. h3 Bh5 5. Bg2 c6 6. Nf3 e6 7. 0-0 Ngf6 8. d3 Be7 9. Qe1 0-0 10. e4 Nc5 11. Nbd2 a5 12. g4 Bg6 13. Ne5 Nfd7 14. Nxg6 1/2-1/2